00284nam a22001097a 4500022001900000082001400019100001400033245004700047260004100094300000800135650003100143 a978-8121905534 a153.93AGG aAggarwal  aA Modern Approach to Non Verbal Reasoning  aNew DelhibS.Chand and companyc2016 a592 aQuestion-answering systems